| 000 | 00449nam a2200157 i 4500 | ||
|---|---|---|---|
| 001 | bg | ||
| 100 | 1 | _aKUCZYŃSKA, Alicja | |
| 245 | 0 |
_aWzory modne w życiu codziennym / _cAlicja Kuczyńska. |
|
| 260 |
_aWarszawa : _bWiedza Powszechna, _c1983. |
||
| 490 | 1 | _aBiblioteka Wiedzy Współczesnej Omega | |
| 830 | _aBiblioteka Wiedzy Współczesnej Omega | ||
| 040 | _cBPK | ||
| 041 | _apol | ||
| 942 | _cKS | ||
| 008 | s pl f |000 0 pol | ||
| 999 |
_c1948 _d1948 |
||
| 856 |
_uhttp://koha.tu.koszalin.pl/cgi-bin/koha/opac-detail.pl?biblionumber=1948 _yKatalog online BPK |
||